| Tag |
First Indicator |
Second Indicator |
Subfields |
| LEADER |
00000cam a2200000 a 4500 |
| 001 |
in00000772439 |
| 005 |
20210515064101.0 |
| 008 |
870810s1988 nyu b 00110 eng |
| 010 |
|
|
|a 87024207
|
| 020 |
|
|
|a 0801300479 (pbk.)
|
| 035 |
|
|
|a (OCoLC)16685289
|
| 035 |
|
|
|9 ADL3372AM
|
| 040 |
|
|
|a DLC
|c DLC
|d TXA
|d UtOrBLW
|
| 043 |
|
|
|a n-us---
|
| 049 |
|
|
|a TXAM
|c [A11865020]
|
| 050 |
0 |
0 |
|a HM261
|b .G78 1988
|
| 082 |
0 |
|
|a 306/.2
|2 19
|
| 100 |
1 |
|
|a Graber, Doris A.
|q (Doris Appel),
|d 1923-2018.
|
| 245 |
1 |
0 |
|a Processing the news :
|b how people tame the information tide /
|c Doris A. Graber.
|
| 250 |
|
|
|a 2nd ed.
|
| 264 |
|
1 |
|a New York :
|b Longman,
|c [1988]
|
| 264 |
|
4 |
|c ©1988
|
| 300 |
|
|
|a x, 300 pages ;
|c 23 cm.
|
| 336 |
|
|
|a text
|b txt
|2 rdacontent
|
| 337 |
|
|
|a unmediated
|b n
|2 rdamedia
|
| 338 |
|
|
|a volume
|b nc
|2 rdacarrier
|
| 504 |
|
|
|a Bibliography: pages 269-293.
|
| 500 |
|
|
|a Includes index.
|
| 650 |
|
0 |
|a Public opinion
|z United States
|x Case studies.
|
| 650 |
|
0 |
|a Human information processing
|x Case studies.
|
| 650 |
|
0 |
|a Political socialization
|z United States
|x Case studies.
|
| 650 |
|
0 |
|a Mass media
|x Political aspects
|z United States
|x Case studies.
|
| 650 |
|
0 |
|a Democracy.
|
| 999 |
|
|
|a MARS
|
| 999 |
f |
f |
|s d5adc665-5d03-3763-a44f-b88fa405ac75
|i 26aa0817-237c-31da-955f-805db69b1ed2
|t 0
|
| 952 |
f |
f |
|p ric
|a Texas A&M University
|b Rellis Campus
|c Joint Library Facility
|d Remote Storage
|t 0
|e HM261 .G78 1988
|h Library of Congress classification
|i unmediated -- volume
|m A14811865020
|
| 998 |
f |
f |
|a HM261 .G78 1988
|t 0
|l Remote Storage
|